Goosebumps : (Record no. 33475)
[ view plain ]
| 000 -LEADER | |
|---|---|
| fixed length control field | 01059cam a22003493a 4500 |
| 001 - CONTROL NUMBER | |
| control field | 13294421 |
| 003 - CONTROL NUMBER IDENTIFIER | |
| control field | OSt |
| 005 - DATE AND TIME OF LATEST TRANSACTION | |
| control field | 20140310184304.0 |
| 008 - FIXED-LENGTH DATA ELEMENTS--GENERAL INFORMATION | |
| fixed length control field | 970117s1997 nyu j 000 1 eng d |
| 010 ## - LIBRARY OF CONGRESS CONTROL NUMBER | |
| LC control number | 2003586090 |
| 020 ## - INTERNATIONAL STANDARD BOOK NUMBER | |
| International Standard Book Number | 9780439796200 |
| 035 ## - SYSTEM CONTROL NUMBER | |
| System control number | (OCoLC)ocm36220884 |
| 040 ## - CATALOGING SOURCE | |
| Original cataloging agency | JBL |
| Transcribing agency | JBL |
| Modifying agency | SLC |
| -- | OCL |
| -- | OCLCQ |
| -- | DLC |
| 042 ## - AUTHENTICATION CODE | |
| Authentication code | lccopycat |
| 050 00 - LIBRARY OF CONGRESS CALL NUMBER | |
| Classification number | PZ 7 |
| Item number | .St859G52 1997 |
| 100 1# - MAIN ENTRY--PERSONAL NAME | |
| Personal name | Stine, R. L. |
| 9 (RLIN) | 3762 |
| 245 10 - TITLE STATEMENT | |
| Title | Goosebumps : |
| Statement of responsibility, etc | R.L. Stine. |
| Remainder of title | How I learned to fly / |
| 260 ## - PUBLICATION, DISTRIBUTION, ETC. (IMPRINT) | |
| Place of publication, distribution, etc | New York : |
| Name of publisher, distributor, etc | Scholastic Inc., |
| Date of publication, distribution, etc | c1997. |
| 300 ## - PHYSICAL DESCRIPTION | |
| Extent | 123 p. ; |
| Dimensions | 19 cm. |
| 490 1# - SERIES STATEMENT | |
| Series statement | Goosebumps ; |
| Volume number/sequential designation | #52 |
| 521 ## - TARGET AUDIENCE NOTE | |
| Target audience note | |
| Source | Lexile |
| 526 ## - STUDY PROGRAM INFORMATION NOTE | |
| Reading level | 370 |
| 541 ## - IMMEDIATE SOURCE OF ACQUISITION NOTE | |
| -- | 1 |
| 562 ## - COPY AND VERSION IDENTIFICATION NOTE | |
| Number of copies | 1 |
| 650 #0 - SUBJECT ADDED ENTRY--TOPICAL TERM | |
| Topical term or geographic name as entry element | Human locomotion |
| Form subdivision | Fiction. |
| 9 (RLIN) | 5772 |
| 655 #7 - INDEX TERM--GENRE/FORM | |
| Genre/form data or focus term | Fantasy fiction. |
| Source of term | gsafd |
| 9 (RLIN) | 3053 |
| 710 2# - ADDED ENTRY--CORPORATE NAME | |
| Corporate name or jurisdiction name as entry element | Copyright Paperback Collection (Library of Congress) |
| Institution to which field applies | DLC |
| 9 (RLIN) | 705 |
| 800 1# - SERIES ADDED ENTRY--PERSONAL NAME | |
| Personal name | Stine, R. L. |
| Title of a work | Goosebumps ; |
| Volume/sequential designation | #52. |
| 9 (RLIN) | 5773 |
| 906 ## - LOCAL DATA ELEMENT F, LDF (RLIN) | |
| a | 7 |
| b | cbc |
| c | copycat |
| d | 2 |
| e | ncip |
| f | 20 |
| g | y-genrareb |
| 942 ## - ADDED ENTRY ELEMENTS (KOHA) | |
| Source of classification or shelving scheme | Library of Congress Classification |
| Koha item type | |
| Withdrawn status | Lost status | Source of classification or shelving scheme | Damaged status | Home library | Current library | Shelving location | Date acquired | Source of acquisition | Total Checkouts | Full call number | Barcode | Date last seen | Copy number | Price effective from | Koha item type |
|---|---|---|---|---|---|---|---|---|---|---|---|---|---|---|---|
| Library of Congress Classification | Luxembourg Library | Luxembourg Library | Scholastic Reading Center Section | 10/03/2013 | Donation | PZ 7 .St859G52 1997 | LEX0487 | 04/18/2017 | 1 | 10/03/2013 | Books |